000 03524nam a22003017a 4500
003 DO-SdBNP
005 20230815131907.0
008 220318b2012 ||| |||| 00| 0 spa d
020 _a9789945074611
040 _aBPMSU
_bspa
_cBPMSU
082 4 _a327.97293
_bM798t 2012
_222
100 1 _aMontolío, Julio Andrés
_d1867-1934
245 1 3 _aEl Tratado de Ryswick y otros temas /
_cAndrés Julio Montolío; editor: Andrés Blanco Diaz
260 _aSanto Domindo:
_bArchivo General de la Nación,
_c2012
300 _a499 p ;
_c23cm
490 0 _aArchivo General de la Nación,
_v171
500 _aIncluye datos biográficos del autor en las solapas
505 0 _aPresentación, 13.-- Con motivo de La alimentación y las razas, 19.-- La contra de la tarifa aduanera, 25.-- Varios temas, 33.-- Sobre ley de imprenta, 53.-- Cartas públicas, 61.-- Organización de partidos, 69.-- Resumen de una cuestión (Diferendo domínico-haitiano), 93.-- El tratado de Ryswick y la isla de Santo Domingo, 127.-- Frente a una acusación, 147.-- Emancipaciones y emancipadores, 197.-- Otros temas. La vida nueva, por José Enrique Rodó, 217.-- Perfiles, 221.-- Derribemos, 229.-- Personal, 231.-- Disentimos, 235.-- Perfidia yanqui, 237.-- Algo sobre Haití, 241.-- Preparémonos, 247.-- Sobre la memoria de relaciones exteriores, 249.-- Discurso, 255.-- La reforma arancelaria, 259.-- Galería de retratos, 261.-- Sobre instrucción, 265.-- Pequeñeces, 267.-- Patrióticas, 271.-- De política, 277.-- Realidades, 279.-- Entre dos miedos, 281.-- Justicia, 285.-- Siluetas, 289.-- De la guerra, 293.-- De la guerra, 297.-- De la guerra, 301.-- Angel Lizardo, 303.-- De la guerra, 305.-- De la guerra, 309.-- De la guerra, 313.-- Lecturas bibliográficas, 317.-- Divagando, 321.-- Nuestro Himno, 325.-- Discurso, 327.-- Dos palabras, 333.-- La reconquista de América, por Ramón Orbea, 337.-- Antiguos conocidos (Pedro C. Salcedo), 339.-- Antiguos conocidos (Alberto Duboy), 341.-- Antiguos conocidos (Manuel Pimentes Coronel), 343.-- Acción política Andrés :"to be or not to be", 345.-- La cosa no es de hoy , 347.-- Obras del padre Meriño, 351.-- Monólogo, 361.-- 16 de Agosto, 365.-- ¡Ha muerto!, 367.-- De política...científica, 369.-- Notas bibliográficas, 375.-- Mi tío Barbassou, 377.-- Discurso, 379.-- Carta abierta, 385.-- Post scriptum, 391.-- Contestación, 395.-- Obra interesante, 399.-- De jueves a jueves, 403.-- Un folleto interesante, 407.-- Las cenizas del descubridor, 411.-- Descentralización y personalismo, por Marino A. Cestero, 413.-- La nueva constitución, 417.-- Bibliografía, 419.-- Nota bibliográfica, 421.-- Cuestiones trascendentales, 423.-- Del derecho público, 429.-- Fisonomía de una inteligencia, 431.-- En el margen de una carta, 437.-- Día de la patria, 443.-- Fragmentos de una conferencia, 445.-- Doctor Adolfo A. Nouel, 451.-- El 1º de diciembre, 455.-- La soberanía y el tratado, 457.-- Discurso, 461.-- Discurso, 469.-- Índice onomástico, 479.
590 _6Inventariado, 2023/VM
651 4 _aRepública Dominicana
_vTratados Internacionales
651 4 _aRepública Dominicana
_xPolítica y gobierno
651 4 _aRepública Domicana
_xLimites
_zHaití.
651 4 _aRepública Dominicana
_xTratados
_zRelaciones internacionales.
700 1 _aAndrés Blanco Díaz
_eed.
710 2 _aArchivo General de la Nación (República Dominicana)
910 _aVMateo V. Control de calidad. BPMSU
942 _2ddc
_cBK
999 _c14093
_d14093